| Поле | Название | Значение |
| |
Тип записи |
a |
| |
Библиографический уровень |
m |
| 001 |
Контрольный номер |
RU/URAIT/598849 |
| 005 |
Дата корректировки |
20260429163705.9 |
| 008 |
Кодируемые данные |
260429s2026 RU y f j 000 0 rus u |
| 020 |
Индекс ISBN |
__ |
| a |
ISBN |
978-5-534-11349-5 |
| c |
Цена, тираж |
1989.00 |
| 040 |
Источник каталогиз. |
__ |
| a |
Служба первич. каталог. |
ИКО Юрайт |
| c |
Служба, преобразующая запись |
ИКО Юрайт |
| e |
Правила каталог. |
RCR |
| 041 |
Код языка издания |
__ |
| a |
Код языка текста |
rus |
| 044 |
Код страны публикации |
__ |
| a |
Код страны публикации |
RU |
| 080 |
Индекс УДК |
__ |
| a |
Индекс УДК |
629.12(075.8) |
| 084 |
Индекс другой классификации/Индекс ББК |
__ |
| 2 |
Источник индекса |
rubbk |
| a |
Индекс другой классификации/Индекс ББК |
39.42-01я73 |
| 100 |
Автор |
__ |
| a |
Автор |
Жинкин В. Б. |
| q |
Полное имя |
Жинкин Валентин Борисович |
| 245 |
Заглавие |
__ |
| a |
Заглавие |
Теория и устройство корабля |
| b |
Продолж. заглавия |
учебник для вузов |
| c |
Ответственность |
В. Б. Жинкин. |
| 250 |
Сведения об издании |
__ |
| g |
|
испр. и доп |
| a |
Основные сведения об издании |
5-е изд. |
| 256 |
Характеристики компьютерного файла |
__ |
| a |
Характеристики компьютерного файла |
Электрон. дан. |
| 260 |
Выходные данные |
__ |
| a |
Место издания |
Москва |
| b |
Издательство |
Юрайт |
| c |
Дата издания |
2026 |
| 300 |
Физическое описание |
__ |
| a |
Объем |
379 с |
| 440 |
Серия |
__ |
| a |
Серия |
Высшее образование |
| 500 |
Примечания |
__ |
| a |
Примечание |
URL: https://urait.ru/bcode/598849 (дата обращения: 29.04.2026). |
| 520 |
Аннотация |
__ |
| a |
Аннотация |
В учебнике приводятся основы знаний о мореходных качествах судна, его конструкции и прочности, краткие сведения о судовых устройствах и системах. Особое внимание уделено физическим представлениям об этих качествах, теоретическим способам их определения, путям дальнейшего совершенствования. Приводятся многочисленные примеры, в том числе расчетов ходкости, на основании которых определяется мощность судовой энергетической установки. Издание содержит богатый иллюстративный материал в виде графиков и диаграмм, а также предметный указатель. |
| 538 |
Прим. о системных особенностях |
__ |
| a |
Прим. о системных особенностях |
Режим доступа: Электронно-библиотечная система Юрайт, для авториз. пользователей |
| 653 |
Ключевые слова |
__ |
| a |
Ключевые слова |
Транспорт. Автомобили, авиация, флот |
| 653 |
Ключевые слова |
__ |
| a |
Ключевые слова |
Технические науки |
| 653 |
Ключевые слова |
__ |
| a |
Ключевые слова |
Теория и устройство судна |
| 653 |
Ключевые слова |
__ |
| a |
Ключевые слова |
Теория корабля |
| 653 |
Ключевые слова |
__ |
| a |
Ключевые слова |
Устройство и теория судна |
| 653 |
Ключевые слова |
__ |
| a |
Ключевые слова |
Теория устройства судна |
| 653 |
Ключевые слова |
__ |
| a |
Ключевые слова |
Основы теории и устройства судна |
| 653 |
Ключевые слова |
__ |
| a |
Ключевые слова |
Основы теории судна |
| 653 |
Ключевые слова |
__ |
| a |
Ключевые слова |
Устройство судна |
| 653 |
Ключевые слова |
__ |
| a |
Ключевые слова |
Теория и устройство корабля |
| 653 |
Ключевые слова |
__ |
| a |
Ключевые слова |
Устройство и основы теории судна |
| 856 |
Электронный адрес документа |
40 |
| n |
Местонахождение сервера |
Юрайт |
| g |
|
Электронная книга |
| q |
Тип электронного формата |
html |
| h |
Имя пользователя |
ЮРАЙТ |
| v |
Часы доступа к ресурсу |
20271231 |
| 2 |
Способ доступа |
Показать документ |
| x |
Служебное примечание |
https://urait.ru/book/cover/E1D655E8-6F7A-49D2-98AD-4706471BADA1 |
| u |
URL |
https://urait.ru/bcode/598849 |
| 856 |
Электронный адрес документа |
48 |
| q |
Тип электронного формата |
cover |
| u |
URL |
https://urait.ru/book/cover/E1D655E8-6F7A-49D2-98AD-4706471BADA1 |
| 911 |
|
__ |
| u |
|
0030=https://urait.ru/bcode/598849 |
| 911 |
|
__ |
| u |
|
073a=9785534113495 |
| u |
|
073d=1989.00 |
| 911 |
|
__ |
| u |
|
106a=s |
| 911 |
|
__ |
| u |
|
900l= |
| 952 |
Тип литературы |
__ |
| i |
Дисциплина |
Теория и устройство судна |
| 952 |
Тип литературы |
__ |
| i |
Дисциплина |
Теория корабля |
| 952 |
Тип литературы |
__ |
| i |
Дисциплина |
Устройство и теория судна |
| 952 |
Тип литературы |
__ |
| i |
Дисциплина |
Теория устройства судна |
| 952 |
Тип литературы |
__ |
| i |
Дисциплина |
Основы теории и устройства судна |
| 952 |
Тип литературы |
__ |
| i |
Дисциплина |
Основы теории судна |
| 952 |
Тип литературы |
__ |
| i |
Дисциплина |
Устройство судна |
| 952 |
Тип литературы |
__ |
| i |
Дисциплина |
Теория и устройство корабля |
| 952 |
Тип литературы |
__ |
| i |
Дисциплина |
Устройство и основы теории судна |